China's peasants : the anthropology of a revolution
Αποθηκεύτηκε σε:
| Κύριος συγγραφέας: | |
|---|---|
| Άλλοι συγγραφείς: | |
| Μορφή: | Βιβλίο |
| Γλώσσα: | English |
| Δημοσίευση: |
Cambridge :
Cambridge University Press,
c1997
|
| Θέματα: | |
| Ετικέτες: |
Προσθήκη ετικέτας
Δεν υπάρχουν, Καταχωρήστε ετικέτα πρώτοι!
|
MARC
| LEADER | 00000nam a2200000 i 4500 | ||
|---|---|---|---|
| 001 | 1/69618 | ||
| 008 | 981110s1997 eng d | ||
| 020 | |a 0-521-35787-X | ||
| 035 | |l 10030419 | ||
| 040 | |a GR-MY-UA |b gre |e aacr | ||
| 041 | 0 | |a eng | |
| 082 | 0 | |a 305.56330951 | |
| 100 | 1 | |a Potter, Sulamith Heins. | |
| 245 | 1 | 0 | |a China's peasants : |b the anthropology of a revolution / |c Sulamith Heins Potter; Jack M. Potter |
| 260 | |a Cambridge : |b Cambridge University Press, |c c1997 | ||
| 300 | |a xiv, 358 p. |b fig.; tabl. | ||
| 504 | |a Includes bibliographical references and index | ||
| 650 | 0 | 0 | |a Communism |z China |x History. |
| 651 | 0 | |a China |x Rural conditions. | |
| 651 | 0 | |a China |x Social conditions |y 1949- | |
| 700 | 1 | |a Potter, Jack M. | |
| 852 | |a INST |b LESVOS |e 19981110 |h 305.56330951 POT |p 005100018063 |q 005100018063 |t BK |y 0 | ||
| 901 | |a BIBL-1998-3 | ||
| 909 | |a Λ |b 060075 | ||
| 922 | |a 1ΕΛΗ |b 199810 |c ΚΠΣ/ΤΚΑ |d ΠΑΠΑΣΩΤΗΡΙΟΥ | ||
| 950 | |a 117-1998-07-12 | ||